000 00686nam a2200289Ia 4500
005 20260324122606.0
008 008 260324s9999 xx 000 0 eng d
020 _a9780203523025
037 _aEBOOK
040 _aCRL
040 _beng
040 _cCRL
041 _2eng
041 _aeng
084 _qCRL
100 _aSamuel Knafo
_91167046
245 4 _aThe Making of Modern Finance
245 0 _bLiberal Governance and the Gold Standard
260 _bTaylor and Francis
260 _c2013
365 _a
365 _b240
856 _uhttp://www.taylorfrancis.com/books/9780203523025
942 _cEBOOK
999 _c1759905
_d1759905